Designing systems for internet commerce (Record no. 166247)

000 -LEADER
fixed length control field 00394nam a2200133Ia 4500
008 - FIXED-LENGTH DATA ELEMENTS--GENERAL INFORMATION
fixed length control field 220217s9999||||xx |||||||||||||| ||und||
020 ## - INTERNATIONAL STANDARD BOOK NUMBER
International Standard Book Number 817-808-040-0
082 ## - DEWEY DECIMAL CLASSIFICATION NUMBER
Classification number 004.638 4 TRE
100 ## - MAIN ENTRY--PERSONAL NAME
Personal name Treese, Winfield, G Stewart, Lawrence, C
9 (RLIN) 1348
245 #0 - TITLE STATEMENT
Title Designing systems for internet commerce
260 ## - PUBLICATION, DISTRIBUTION, ETC.
Place of publication, distribution, etc. Addison Wesley
Name of publisher, distributor, etc. Harlow
Date of publication, distribution, etc. 2000
300 ## - PHYSICAL DESCRIPTION
Other physical details 295
650 ## - SUBJECT ADDED ENTRY--TOPICAL TERM
Topical term or geographic name entry element COMPUTER NETWORK
Holdings
Withdrawn status Lost status Damaged status Not for loan Collection code Home library Current library Shelving location Date acquired Full call number Barcode Date last seen Price effective from Koha item type
        Computer Science and Engineering Central Library Central Library Reference 02/18/2022 004.638 4 TRE 1436 02/18/2022 02/18/2022 Books

Powered by Koha